ATP 2022 Winners - Statistiques

Statistiques générales
  • Ce quiz a été pris 52 fois
  • Le résultat moyen est 18 sur 38
Statistiques - réponses
Tournois Joueurs % Correct
RomeWimbledon Tel Aviv Astana ATP Finals Novak Djoković
100%
RioMiami Barcelone Madrid US Open Carlos Alcaraz
97%
MelbourneOpen d’Australie Acapulco Roland-Garros Rafael Nadal
92%
Buenos AiresGenève Gstaad Casper Ruud
87%
Los CabosVienne Daniil Medvedev
87%
MunichStockholm Paris-Bercy Holger Rune
87%
Umag Jannik Sinner
84%
MarseilleDubaï Belgrade Gijón Andrey Rublev
79%
Indian Wells Eastbourne Tokyo Taylor Fritz
79%
Monte-CarloMajorque Stefanos Tsitsipas
74%
Adelaïde Gaël Monfils
71%
RotterdamFlorence Anvers Bâle Félix Auger-Aliassime
66%
Halle Hubert Hurkacz
55%
Winston-Salem Adrian Mannarino
53%
Delray BeachLyon Cameron Norrie
53%
Atlanta Alex De Minaur
50%
Stuttgart Queen’s Matteo Berrettini
50%
Hambourg Naples Lorenzo Musetti
42%
Estoril Sebastian Baez
39%
Montpellier Alexander Bublik
37%
Båstad Francisco Cerundolo
37%
Washington Nick Kyrgios
37%
DohaKitzbühel Roberto Bautista Agut
37%
Montréal Pablo Carreño Busta
34%
Cincinnati Borna Coric
32%
Metz Lorenzo Sonego
29%
Sydney Aslan Karatsev
24%
Marrakech David Goffin
24%
DallasHouston Reilly Opelka
24%
Pune João Sousa
18%
Adelaïde 2 Thanasi Kokkinakis
16%
Córdoba Albert Ramos-Viñolas
13%
´s Hertogenbosch Tim van Rijthoven
13%
Séoul Yoshihito Nishioka
13%
Newport Maxime Cressy
8%
San Diego Brandon Nakashima
5%
Santiago Pedro Martínez
5%
Sofia Marc-Andrea Hüsler
3%
Aucun quiz correspondant
Distribution des résultats
% des personnes avec chaque résultat
Percentile par nombre de réponses
Votre historique - résultats
Vous n’avez pas pris ce quiz